Responses for Show #4511 - Monday, March 29, 2004

Contestants

[<< previous game]

Avi Schwartz, a student from Atlanta, Georgia

Suzan Hyssen, a stay-at-home mom from Livonia, Michigan

Valerie Takacs, an accounting assistant from Hudson, Ohio (whose 1-day cash winnings total $18,400)

[next game >>]

Jeopardy! Round responses

ANCIENT HISTORY
GAMES
PLAYWRONGS
(Alex: Not PLAYWRIGHTS.)
IT'S UNREAL
THE FIFTH DIMENSION
NEW MERRIAM-WEBSTER'S LISTINGS
    $200 21
Jerusalem

Valerie
    $200 6
bowling

Valerie
    $200 1
Oedipus Rex

Valerie
    $200 11
artificial blood

Valerie
    $200 30
James Bond

Suzan
    $200 16
identity theft

Avi
    $400 22
Sparta

Suzan
    $400 7
polo

Suzan
    $400 2
She Stoops to Conquer

Suzan
    $400 12
astroturf

Valerie
    $400 29
Beethoven

Avi
    $400 17
(Suzan: What is acoustic?)

Unplugged

ValerieSuzan
    $600 23
the Mayan

Valerie
    $600 8
pick up sticks

Valerie
    $600 3
Fool for Love

Valerie
    $600 13
(Avi: What are jeans?)
....
(Alex: Lee Press-On Nails, yes.)

artificial nails

SuzanAvi
    $600 26
Sinbad

Avi
    $600 18
"Frankenfood"

Suzan
    $800 24
(Valerie: Who was Solon?)
(Suzan: Who was Hammurabi?)
...
(Alex: The Draconian Code.)

Draco

ValerieSuzanAvi
    $800 9
stickball

Avi
    $800 4
The Birthday Party

Valerie
    $800 14
(Avi: What is patent leather?)

plastic leather

Avi
Triple Stumper
    $1,000 27
(Avi: Who is John?)

the Acts of the Apostles

Avi
    $800 19
comb over

Suzan
    $1000 25
(Avi: Who is Cyrus?)

Darius (the III)

Avi
Triple Stumper
    $1000 10
pachinko

Valerie
    $1000 5
Seven Against Thebes

Valerie
    $1000 15
(Avi: What are Jelly Belly jelly beans?)

Hermes

Avi
Triple Stumper
    $1000 28
(Suzan: Who is Willie Brown?)
(Valerie: Who is Andrew Young?)

Tom Bradley

ValerieSuzan
Triple Stumper
    $1000 20
tiki bar

Triple Stumper

Scores at the first commercial break (after clue 15):

Valerie Suzan Avi
$5,000 $1,400 -$1,600

Scores at the end of the Jeopardy! Round:

Valerie Suzan Avi
$4,400 $1,200 -$1,600

Double Jeopardy! Round responses

SCIENTISTS
NAME THAT BIOPIC
BRAND NAMES
THERE ARE PLACES
"I" REMEMBER
ALL MY LIFE
    $400 1
(Suzan: Who is Masters?)

Alfred Kinsey

Suzan
Triple Stumper
    $400 20
Braveheart

Suzan
    $400 30
Snickers

Avi
    $400 14
Estonia

Suzan
    $400 6
IRA

Valerie
    $400 11
Vince Lombardi

Avi
    $800 2
peyote

Avi
    $800 21
(Avi: Who is Frida Kahlo?)

Frida

SuzanAvi
    $800 26
(Avi: Who is Gibson?)

Fender

SuzanAvi
    $2,000 15
Oxford

Suzan
    $800 7
Igloo

Avi
    $800 12
Cortes

Suzan
    $1200 3
helium

Avi
    $1200 22
Goodfellas

Suzan
    $1200 27
Comet

Valerie
    $1200 16
India

Triple Stumper
    $1200 8
iron

Valerie
    $1,000 13
(Suzan: Who is Thomas Paine?)

John Brown

Suzan
    $1600 4
Jacques Curie

Triple Stumper
    $1600 23
Catch Me If You Can

Suzan
    $1600 28
Lincoln Logs

Suzan
    $1600 17
Monaco

Triple Stumper
    $1600 9
Isis

Avi
    $1600 19
Donald O'Connor

Valerie
    $2000 5
Tesla

Avi
    $2000 24
(Alex: Minute to go now.)

Auto Focus

Suzan
    $2000 29
(Valerie: What is Magnavox?)

Panasonic

ValerieAvi
    $2000 18
Sweden & Finland

Avi
    $2000 10
Ignatius of Loyola

Avi
    $2000 25
(Suzan: Who is Lenin?)

Engels

SuzanAvi

Scores at the end of the Double Jeopardy! Round:

Valerie Suzan Avi
$6,800 $9,400 $12,000

[wagering suggestions for these scores]

Final Jeopardy! Round responses

U.S. GOVERNMENT
ValerieWho is [Herber] J Edgar Hoover
$6,200
SuzanWho is Warren?
$4,000
AviWho is Chase?
$6,801
J. Edgar Hoover

Final scores:

Valerie Suzan Avi
$13,000 $5,400 $5,199
2-day champion: $31,400 2nd place: $2,000 3rd place: $1,000

Game dynamics:

Coryat scores:

Valerie Suzan Avi
$6,800 $9,200 $13,000
16 R,
3 W
17 R
(including 1 DD),
6 W
(including 1 DD)
16 R,
7 W
(including 1 DD)

Combined Coryat: $29,000

[game clues] [game scores] [suggest correction]

Game tape date: 2004-01-21
The J! Archive is created by fans, for fans. Scraping, republication, monetization, and malicious use prohibited; this site may use cookies and collect identifying information. See terms. The Jeopardy! game show and all elements thereof, including but not limited to copyright and trademark thereto, are the property of Jeopardy Productions, Inc. and are protected under law. This website is not affiliated with, sponsored by, or operated by Jeopardy Productions, Inc. Join the discussion at JBoard.tv.